| 000 | 00783 a2200193 4500 | ||
|---|---|---|---|
| 020 | _a140206411X | ||
| 020 | _a9781402064111 | ||
| 082 | _a515.9 | ||
| 090 |
_c1196 _d1196 |
||
| 100 | 1 | _aIvancevic, Vladimir G. | |
| 245 | 1 | 0 |
_aComplex dynamics : _badvanced system dynamics in complex variables / _cVladimir G. Ivancevic, Tijana T. Ivancevic. |
| 260 |
_a[S.l.] : _bSpringer, _c2007. |
||
| 300 |
_a810 p. ; _c24 cm. |
||
| 490 | 1 | _aIntelligent systems, control and automation: science and engineering. | |
| 700 | 1 | _aIvancevic, Tijana T. | |
| 830 | 0 | _aIntelligent systems, control and automation: science and engineering. | |
| 942 |
_aSNS _cBK _k515.9 IVA |
||
| 999 |
_c29809 _d29809 |
||